000 00704nam a2200265Ia 4500
003 OSt
005 20220924130734.0
006 a|||||r|||| 00| 0
007 ta
008 220923b |||||||| |||| 00| 0 ara d
020 _c30
024 _a322258
037 _cTextual
040 _aARTS
_cARTS
_bara
041 _2ara
_aara
082 _aR3xE58, 168M1
100 _aGhazali Imam Abu Ahmad Au.
245 0 _aAl-Murshid-al-ameen
260 _aU.P
_bIdarah-e-talifat India
_c1981
300 _a351p.
_ccm.
650 _a PHILOSOPHY
650 _aMETAPHYSICS
_913358
942 _hR3xE58, 168M1
_cTEXL
_2CC
999 _c425335
_d425335